Basic statistics for business and economics / (Record no. 26158)

MARC details
000 -LEADER
fixed length control field 01234cam a22003374a 4500
001 - CONTROL NUMBER
control field 11769094
003 - CONTROL NUMBER IDENTIFIER
control field OSt
005 - DATE AND TIME OF LATEST TRANSACTION
control field 20220105151445.0
008 - FIXED-LENGTH DATA ELEMENTS--GENERAL INFORMATION
fixed length control field 990810s2000 maua 001 0 eng
010 ## - LIBRARY OF CONGRESS CONTROL NUMBER
LC control number 99042855
020 ## - INTERNATIONAL STANDARD BOOK NUMBER
International Standard Book Number 0073660620
035 ## - SYSTEM CONTROL NUMBER
System control number (DLC) 99042855
040 ## - CATALOGING SOURCE
Original cataloging agency DLC
Transcribing agency HU
Modifying agency DLC
042 ## - AUTHENTICATION CODE
Authentication code pcc
050 00 - LIBRARY OF CONGRESS CALL NUMBER
Classification number HA29
Item number .L75 2000
082 00 - DEWEY DECIMAL CLASSIFICATION NUMBER
Classification number 519.5
Edition number 21
100 1# - MAIN ENTRY--PERSONAL NAME
Personal name Lind, Douglas A.
9 (RLIN) 11460
245 10 - TITLE STATEMENT
Title Basic statistics for business and economics /
Statement of responsibility, etc. Douglas A. Lind, Robert D. Mason, William G. Marchal.
250 ## - EDITION STATEMENT
Edition statement 3rd ed.
260 ## - PUBLICATION, DISTRIBUTION, ETC.
Place of publication, distribution, etc. Boston
Name of publisher, distributor, etc. Irwin/McGraw-Hill,
Date of publication, distribution, etc. 2000.
300 ## - PHYSICAL DESCRIPTION
Extent xii, 564 p. :
Other physical details ill. ;
Dimensions 27 cm. +
Accompanying material 1 compact disc (4 3/4 in.)
650 #0 - SUBJECT ADDED ENTRY--TOPICAL TERM
Topical term or geographic name entry element Social sciences
General subdivision Statistical methods.
9 (RLIN) 3177
650 #0 - SUBJECT ADDED ENTRY--TOPICAL TERM
Topical term or geographic name entry element Economics
General subdivision Statistical methods.
9 (RLIN) 7161
650 #0 - SUBJECT ADDED ENTRY--TOPICAL TERM
Topical term or geographic name entry element Industrial management
General subdivision Statistical methods.
9 (RLIN) 11080
650 #0 - SUBJECT ADDED ENTRY--TOPICAL TERM
Topical term or geographic name entry element Commercial statistics.
9 (RLIN) 7160
700 1# - ADDED ENTRY--PERSONAL NAME
Personal name Mason, Robert Deward,
Dates associated with a name 1919-
9 (RLIN) 11459
700 1# - ADDED ENTRY--PERSONAL NAME
Personal name Marchal, William G.
9 (RLIN) 27254
906 ## - LOCAL DATA ELEMENT F, LDF (RLIN)
a 7
b cbc
c orignew
d 1
e ocip
f 19
g y-gencatlg
942 ## - ADDED ENTRY ELEMENTS (KOHA)
Source of classification or shelving scheme Dewey Decimal Classification
Koha item type Books like text book referance book
Suppress in OPAC No
Holdings
Withdrawn status Lost status Source of classification or shelving scheme Damaged status Not for loan Collection code Home library Current library Shelving location Date acquired Full call number Barcode Date last seen Copy number Price effective from Koha item type Total Checkouts
    Dewey Decimal Classification Damaged   Reference Wondo Genet Library Wondo Genet Library General Stacks 01/05/2022 519.5 LIB 2000 WGCFNRL00010145 01/05/2022 1 01/05/2022 Books like text book referance book  
    Dewey Decimal Classification Damaged   Reference Wondo Genet Library Wondo Genet Library General Stacks 01/05/2022 519.5 LIB 2000 WGCFNRL00010146 01/05/2022 2 01/05/2022 Books like text book referance book  
    Dewey Decimal Classification Damaged   Reference Wondo Genet Library Wondo Genet Library General Stacks 01/05/2022 519.5 LIB 2000 WGCFNRL00010147 01/05/2022 3 01/05/2022 Books like text book referance book  
    Dewey Decimal Classification Damaged   Reference Wondo Genet Library Wondo Genet Library General Stacks 01/05/2022 519.5 LIB 2000 WGCFNRL00010148 01/05/2022 4 01/05/2022 Books like text book referance book  
Withdrawn   Dewey Decimal Classification Damaged   Reference Wondo Genet Library Wondo Genet Library General Stacks 01/05/2022 519.5 LIN 2000 WGCFNRL00010002 01/05/2022 5 01/05/2022 Books like text book referance book  
    Dewey Decimal Classification Damaged   Reference Wondo Genet Library Wondo Genet Library   02/18/2022 519.5 LIN 2000 WGCFNRL00011166 02/18/2022 6 02/18/2022 Books like text book referance book